Normal view
MARC view
- Carroll, Lewis,
Entry Nombre Personal
001 - NUMERO DE CONTROL
- campo de control: 30250
003 - IDENTIFICADOR DE NUMERO DE CONTROL
- campo de control: UPN
005 - FECHA Y HORA DE LA ÜLTIMA TRANSACCIÓN
- campo de control: 20220903181924.0
008 - DATOS DE LONGITUD FIJA
- campo de control de longitud fija: nabaccnnaabn|||||||||| b |nc|||||d
035 ## - NUMERO DE CONTROL
- Número de control: UPN11000002356
040 ## - FUENTE DE CATALOGACIÓN
- Lenguaje de catalogación: SPA
- Agencia de transcripción: UPN
053 #4 - NÚMERO DE CLASIFICACIÓN LC
- Número de clasificación elemento-número único o número inicial de tramo: PR4611
- Número de clasificación número de tramo final del elemento: PR4612
100 1# - ENCABEZAMIENTO - NOMBRE PERSONAL
- Nombre personal: Carroll, Lewis,
- Fechas asociadas con el nombre: 1832-1898
400 1# - VEÁSE - NOMBRE DE PERSONA
- Personal name: Dodgson, Charles Lutwidge,
- Dates associated with a name: 1832-1898
670 ## - FUENTE EN LA QUE SE LOCALIZARON DATOS
- Cita de la fuente: LC
680 ## - NOTA PUBLICA DE ACCESO PÚBLICO
- Frase explicativa de la referencia: Diácono anglicano, lógico, matemático, fotógrafo y escritor inglés
902 ## - CATALOGADOR
- Catalogador: CAA/050810
